U.S. states with the most college football teams - Statistics

General Stats
  • This quiz has been taken 61 times
  • The average score is 11 of 12
Answer Stats
Answer Teams % Correct
California 7
100%
Florida 7
100%
Texas 13
100%
Georgia 5
96%
Ohio 8
93%
Michigan 5
91%
North Carolina 7
89%
Alabama 6
87%
Tennessee 4
85%
Virginia 5
78%
Indiana 4
76%
Louisiana 5
70%
No matching quizzes found
Score Distribution
Percent of People with Each Score
Percentile by Number Answered
Your Score History
You have not taken this quiz